LIBRARY ONLINE CATALOGUE

Methodology and African prehistory / (Record no. 12220)

MARC details
000 -LEADER
fixed length control field 00757cam a22002412 4500
001 - CONTROL NUMBER
control field 0000024120
005 - DATE AND TIME OF LATEST TRANSACTION
control field 20151217155235.0
008 - FIXED-LENGTH DATA ELEMENTS--GENERAL INFORMATION
fixed length control field 130611s xx 000 0 eng d
020 ## - INTERNATIONAL STANDARD BOOK NUMBER
International Standard Book Number 9966467238 :
040 ## - CATALOGING SOURCE
Original cataloging agency KABU
Transcribing agency KABU
245 10 - TITLE STATEMENT
Title Methodology and African prehistory /
Statement of responsibility, etc. editor J. Ki-Zerbo.
250 ## - EDITION STATEMENT
Edition statement abridged ed.
260 ## - PUBLICATION, DISTRIBUTION, ETC. (IMPRINT)
Place of publication, distribution, etc. Nairobi :
Name of publisher, distributor, etc. E. A. E. P.,
Date of publication, distribution, etc. 1990.
300 ## - PHYSICAL DESCRIPTION
Extent xviii, 349 p.
490 0# - SERIES STATEMENT
Series statement General history of Africa ;
Volume/sequential designation I
650 #0 - SUBJECT ADDED ENTRY--TOPICAL TERM
Topical term or geographic name as entry element Prehistoric peoples
Geographic subdivision Africa.
-- 0000184086
651 #0 - SUBJECT ADDED ENTRY--GEOGRAPHIC NAME
Geographic name Africa
General subdivision Hstoriography.
-- 0000184087
651 #0 - SUBJECT ADDED ENTRY--GEOGRAPHIC NAME
Geographic name Africa
General subdivision Antiquities.
-- 0000184088
700 1# - ADDED ENTRY--PERSONAL NAME
Personal name Mokhtar, G.
-- 0000184089
852 1# - LOCATION
-- p980 KES
908 ## - PUT COMMAND PARAMETER (RLIN)
Put command parameter 130611
950 ## - LOCAL HOLDINGS (RLIN)
-- 1
Holdings
Withdrawn status Lost status Source of classification or shelving scheme Not for loan Home library Current library Date acquired Total Checkouts Full call number Barcode Date last seen Date last checked out Price effective from Koha item type
    Library of Congress Classification   Kabarak, Main Campus Kabarak, Main Campus 17/12/2015 6 DT20 .G46 1990 v. I c. 2 015350 29/11/2019 19/11/2019 17/12/2015 General Collection
    Library of Congress Classification   Kabarak, Main Campus Kabarak, Main Campus 17/12/2015 7 DT20 .G46 1990 v. I c. 1 015345 18/11/2019 14/11/2019 17/12/2015 Africana Collection